Statistics for Star Wars Quiz #2

Click here to take the quiz!

General Stats

  • This quiz has been taken 14 times
  • The average score is 11 of 15

Answer Stats

HintAnswer% Correct
Who Was Anakin's Padawan During The Clone Wars?Ahsoka
100%
Who Was The Design Of All The Clone Troopers?Jango Fett
100%
What Clone Trooper Squadron Went To The Jedi Temple During Order 66?501
92%
Who Designed C3Po?Anakin
92%
Who Taught General Grievous?Count Dooku
85%
Who Was The Mean Pod-Racer On Tatooine?Sebulba
85%
What's The Name Of The Ewok Who Helped Leia?Wicket
85%
What's The Name Of The Troopers On Scouting Bikes?Scout Trooper
77%
What Type Of Droid Is R2-D2?Astromech
69%
Who Was Emperor Palpatine's Master?Darth Plagueis
69%
What Color Lightsaber Does Plo Koon Have?Orange
69%
What Species Is Darth Maul?Zabrak
54%
Who Is The Chieftain Of The Wookies?Tarfful
46%
Who Was Cal Kestis's Master?Jaro Tapal
31%
On What Planet Was Luke And Leia Born?Poliss Massa
23%

Score Distribution

Percentile by Number Answered

Percent of People with Each Score

Your Score History

You have not taken this quiz